000 01177nam a2200325 a 4500
001 000112365
003 CHAP
005 20220329144300.0
008 160304s2016 mx a fsm |||||||spa d
010 _a108826
011 _a109798
040 _cCHAP
090 _aTesis
100 1 _aFonseca Gómez, Juan Daniel
_9130613
245 1 0 _aNiveles óptimos económicos de la inclusión de cobre y cromo en una dieta para pollos de en gorda/
_h[En línea]
_cpor Juan Daniel Fonseca Gómez.
260 _aChapingo, Méx. :
_bEl autor,
_c2016.
500 _aPara ver el contenido del material haga clic en la liga
502 _aTesis (Ing. Agr. Esp. en Zootecnia) -- UACH. Departamento de Zootecnia
590 _aE6096MTM
_b05
_c20160304
_lUCH01
_h1501
590 _aE6096MTM
_b05
_c20160304
_lUCH01
_h1503
650 1 4 _aAves de corral
_xNutrición.
_98672
650 1 4 _aCobre en nutrición animal.
_924191
650 1 4 _aCromo en nutrición animal.
_929151
650 1 4 _aPollos de engorde.
_990269
650 1 4 _aPollos
_xAlimentación.
_990268
856 _aFinding aid
_uhttp://10.13.5.2/tesis/sist112365.pdf
_zTeclea aquí
901 _aBK
942 _cTESIS
942 _n0
999 _c108826
_d108826